000 00914nam2a2200205 4500
001 RU\NLR\PER_A\002737189_000010
005 20250625165409.0
035 _a(NLR Aleph) 022231731
090 _a13133352
_c13133352
100 _a20240523d2024 |||y0rusy50 ca
101 0 _arus
102 _aRU
200 0 _aВып. 17
210 _d2024
_aБ. м.
461 0 _1001RU\NLR\INFOCOMM19\1000031443
_12001#$aВостоковедные исследования на Алтае$eСб. науч. тр.$fАлт. гос. ун-т. Ист. фак. Каф. востоковедения$vВып. 17
_92019436
_cБарнаул
_d1994 -
_fАлт. гос. ун-т. Ист. фак. Каф. востоковедения
_nБ. и.
_oСб. науч. тр.
_tВостоковедные исследования на Алтае
_x2412-5563
_vВып. 17
852 _aNLR
_jП22/7497
942 _cISSUE
980 _aNB
980 _aRUSPER